000 00489nam a2200205Ia 4500
003 OSt
005 20140507094116.0
008 140130s9999 xx 000 0 und d
020 _a0439357357
050 _aPZ 8.3
_b.E315Dan 2001
100 _aEhrlich, H.M
245 _cH.M Ehrlich
_aDancing class /
260 _bScholastic,
_c2001.
_aNew York :
300 _a24 p. :
_bcol. ill. ;
_c21 cm.
440 _v1
521 _aG1
526 _c150
942 _cBK
_2lcc
999 _c39874
_d39874